Information technology in libraries : a Pakistani perspective (Record no. 6955)

000 -LEADER
fixed length control field 00616 a2200181 4500
020 ## - INTERNATIONAL STANDARD BOOK NUMBER
International Standard Book Number 9698133216
035 ## - SYSTEM CONTROL NUMBER
System control number (DLC) 98930982
040 ## - CATALOGING SOURCE
Original cataloging agency DLC
082 ## - DEWEY DECIMAL CLASSIFICATION NUMBER
Classification number 025.04095491
100 1# - MAIN ENTRY--PERSONAL NAME
Personal name Mahmood, Khalid,
245 10 - TITLE STATEMENT
Title Information technology in libraries : a Pakistani perspective
Statement of responsibility, etc. Khalid Mahmood ; introduction by Anis Khurshid.
260 ## - PUBLICATION, DISTRIBUTION, ETC.
Place of publication, distribution, etc. Lahore :
Name of publisher, distributor, etc. Pak Book Corporation,
Date of publication, distribution, etc. 1998.
300 ## - PHYSICAL DESCRIPTION
Extent iv, 256 p. ;
Dimensions 24 cm.
520 ## - SUMMARY, ETC.
Summary, etc. Research articles published during 1993-97.
650 #0 - SUBJECT ADDED ENTRY--TOPICAL TERM
Topical term or geographic name entry element Libraries
Geographic subdivision Pakistan
General subdivision Automation.
650 #0 - SUBJECT ADDED ENTRY--TOPICAL TERM
Topical term or geographic name entry element Information technology
Geographic subdivision Pakistan.
942 ## - ADDED ENTRY ELEMENTS (KOHA)
Koha item type Book
Call number prefix 025.04095491 KHA
Source of classification or shelving scheme
Holdings
Withdrawn status Lost status Damaged status Not for loan Collection code Permanent Location Current Location Shelving location Date acquired Source of acquisition Cost, normal purchase price Total Checkouts Full call number Barcode Date last seen Price effective from Koha item type
          Central Library (CL) Central Library (CL) First Floor - Journalism 09/03/2005 Book Field 395.00   025.04095491 KHA SEECS002395 11/14/2012 01/05/2017 Book
© 2023 Central Library, National University of Sciences and Technology. All Rights Reserved.